| 000 | 00352nam a2200121Ia 4500 | ||
|---|---|---|---|
| 008 | 220217s9999||||xx |||||||||||||| ||und|| | ||
| 020 | _a9789350096837 | ||
| 100 |
_aChalloner, Jack _99233 |
||
| 245 | 0 | _a1001 inventions that changed the world | |
| 260 |
_aCassell illustrated _bGreat Britan _c2009 |
||
| 300 |
_a960p. _b500 |
||
| 650 | _aGENERAL BOOKS | ||
| 999 |
_c184912 _d184912 |
||